Pięć najlepszych państw pod względem produkcji warzyw - Statystyki

Ogólne statystyki
  • Ten quiz został rozwiązany 23 razy
  • Średni wynik to 51 z 60
Statystyki odpowiedzi
Hint Odpowiedź % Poprawnych
maniok Brazylia
100%
soja Brazylia
100%
ziemniak Chiny
100%
pomidor Chiny
100%
ogórek Chiny
100%
cebula Chiny
100%
czosnek Chiny
100%
marchew Chiny
100%
soja Chiny
100%
brokuł Chiny
100%
bakłażan Chiny
100%
ziemniak Indie
100%
pomidor Indie
100%
cebula Indie
100%
czosnek Indie
100%
soja Indie
100%
brokuł Indie
100%
bakłażan Indie
100%
ciecierzyca Indie
100%
ziemniak Stany Zjednoczone
100%
pomidor Stany Zjednoczone
100%
cebula Stany Zjednoczone
100%
marchew Stany Zjednoczone
100%
soja Stany Zjednoczone
100%
brokuł Stany Zjednoczone
100%
ziemniak Ukraina
100%
ogórek Meksyk
95%
brokuł Meksyk
95%
ziemniak Rosja
95%
ogórek Rosja
95%
marchew Rosja
95%
ciecierzyca Rosja
95%
soja Argentyna
90%
pomidor Turcja
90%
ogórek Turcja
90%
cebula Turcja
90%
bakłażan Turcja
90%
ciecierzyca Turcja
90%
ciecierzyca Australia
85%
pomidor Egipt
85%
cebula Egipt
85%
czosnek Egipt
85%
karczoch Egipt
85%
bakłażan Egipt
85%
karczoch Hiszpania
85%
brokuł Hiszpania
85%
karczoch Peru
75%
karczoch Włochy
75%
karczoch Algieria
70%
bakłażan Indonezja
70%
maniok Nigeria
65%
czosnek Bangladesz
55%
maniok Tajlandia
55%
maniok Demokratyczna Republika Konga
50%
czosnek Korea Południowa
40%
marchew Wielka Brytania
40%
ciecierzyca Etiopia
35%
ogórek Uzbekistan
30%
marchew Uzbekistan
30%
maniok Ghana
20%
Nie znaleziono quizów pasujących do podanych kryteriów
Rozkład punktacji
Procent ludzi z każdym wynikiem
Percentyl według liczby udzielonych odpowiedzi
Twoja historia wyników
Nie rozwiązałeś tego quizu